Statistics for Все чемпионы мира по шахматам

Click here to take the quiz!

General Stats

  • This quiz has been taken 449 times
  • The average score is 10 of 19

Answer Stats

СтранаГоды чемпионстваИмя% Correct
СССР/Россия1985-1993Гарри Каспаров
88%
Норвегия2012-наше времяМагнус Карлсен
87%
СССР1975-1985Анатолий Карпов
79%
США1972-1975Роберт (Бобби) Фишер
76%
СССР1960-1961Михаил Таль
57%
Индия2007-2012Вишванатан Ананд
55%
Россия2006-2007Владимир Крамник
55%
СССР1937-1946Александр Алёхин
53%
СССР1927-1935Александр Алехин
53%
Куба1921-1927Хосе Рауль Капабланка
52%
СССР1948-1957Михаил Ботвинник
50%
СССР1958-1960Михаил Ботвинник
50%
СССР1960-1963Михаил Ботвинник
50%
СССР1963-1969Тигран Петросян
42%
СССР1969-1972Борис Спасский
41%
Германия1894-1921Эмануэль Ласкер
37%
Чехословакия1886-1894Вильгельм Стейниц
36%
СССР1957-1958Василий Смыслов
32%
Нидерланды1935-1937Макс Эйве
32%

Score Distribution

Percentile by Number Answered

Percent of People with Each Score

Your Score History

You have not taken this quiz